000 00555nam a2200169 i 4500
001 129235
003 ES-MaACL
005 20230906193450.0
007 t|
008 070608s1958 sp ||||1| spa d
080 _a616.12(047)
245 0 0 _aTendencias mundiales en cardiología
_b: [trabajos seleccionados del Segundo Congreso Mundial de Cardiología celebrado en Washington].
260 _aMadrid :
_bAlhambra,
_c[1958]
300 _a552 p. con 4 lám. :
_bil. ;
_c22 cm.
650 1 4 _aCardiología.
_910775
852 _aES-MaACL
_jC-14201
_bR.42028
999 _c129235
_d129235